000 00727nam a22001937a 4500
005 20250916141913.0
010 _aB-775285-298 20BACCHEN25
020 _a9789354718830
_c299.00
035 _aB-775285-298
037 _bScholastic India Pvt.Ltd
082 _aS
100 _a Mara Maddy
_985088
245 _aForever Fairies;
_bLulu Flutters/
_cMaddy Mara
_hEnglish
260 _c2024
300 _a116 p.
_c18 cm.(pd)
700 _aSwami chetanananda
_976691
942 _2ddc
_cCH
_hS
_mMAR
999 _c209673
_d209673